Čriepky z dejín rybárstva

Bibliographic Details
Main Author: Vranová, Elena (Author)
Format: Article
Language:Slovak
Subjects:

MARC

LEADER 00000nab a2200000 a 4500
001 vtls000228768
003 SK-MaSNL
005 20260304062336.0
008 250422c1985 xo 0 slo
015 |a SNBRB19rr/mm-uuuuu 
035 |a CL0238882 
035 |a urn:nbn:sk:snk-abelaj 
035 |a (urnnbn)urn:nbn:sk:snk:ar-006xtc 
035 |a (uuid)467537d9-3b2b-4f52-9975-c6884d8fa58f 
040 |a SNKBUCL  |b slo  |c SNKBUCL  |e AACR2 
041 0 |a slo 
044 |a xo  |c SK 
080 |a 639.3(091)  |2 1981 
100 1 |a Vranová, Elena  |4 aut  |9 457752 
245 1 0 |a Čriepky z dejín rybárstva  |c Elena Vranová 
650 0 7 |a rybárstvo  |2 snkbucl  |9 2776 
650 0 7 |a spolky rybárske, Slovensko  |2 snkbucl  |9 1347598 
655 7 |a články z novín a časopisov  |2 snkbucl  |9 267496 
773 0 |t Poľovníctvo a rybárstvo  |g Roč. 37, č. 10 (1985), s. 36-37 
850 |a Slovenská národná knižnica 
852 |a Slovenská národná knižnica 
954 |a odborná, vedecká literatúra pôvodná (slovenská)  |2 lita 
958 |a article27 
958 |a RK 
958 |a OND 
958 |a EUIPO 
992 |a RBX 
999 |c 2737621  |d 2739551